Noms des figures de cartes - Statistiques

Statistiques générales
  • Ce quiz a été pris 7 fois
  • Le résultat moyen est 6 sur 12
Statistiques - réponses
Hint Réponse % Correct
Roi de Coeur Charles
86%
Roi de Trèfle Alexandre
71%
Roi de Carreau César
57%
Valet de Coeur Lahire
57%
Valet de trèfle Lancelot
57%
Roi de Pique David
43%
Dame de Coeur Judith
43%
Dame de Carreau Rachel
43%
Dame de Trèfle Argine
29%
Valet de Carreau Hector
29%
Valet de Pique Hogier
29%
Dame de Pique Pallas
29%
Aucun quiz correspondant
Distribution des résultats
% des personnes avec chaque résultat
Percentile par nombre de réponses
Votre historique - résultats
Vous n’avez pas pris ce quiz